| 000 | 00567 a2200169 4500 | ||
|---|---|---|---|
| 001 | 189378 | ||
| 020 | _a | ||
| 040 | _cMagnum | ||
| 100 | _aMinistério da Relações Exteriores | ||
| 240 | 1 | 0 |
_aIII conferência nacional de política externa e política internacional _lPOR |
| 245 | 1 | 0 | _aIII conferência nacional de política externa e política internacional |
| 300 | _a213 | ||
| 362 | 0 | _a2008 | |
| 440 | 1 | _aFundação Alexandre de Gusmão | |
| 697 | _aRELALÇÕES INTERNACIONAIS, POLÍTICA MUNDIAL. POLÍTICA INTERNACIONAL. POLÍTICA EXTERNA | ||
| 942 | _cBK | ||
| 999 |
_c189378 _d189378 |
||